Normal view
MARC view
- Henderson, Conway W
Entry Personal Name
001 - CONTROL NUMBER
- control field: 105015
003 - CONTROL NUMBER IDENTIFIER
- control field: NUST
005 - DATE AND TIME OF LATEST TRANSACTION
- control field: 20221215162045.0
008 - FIXED-LENGTH DATA ELEMENTS
- fixed length control field: 221215|| aca||aabn | a|a d
040 ## - CATALOGING SOURCE
- Original cataloging agency: NUST
- Transcribing agency: NUST
100 ## - HEADING--PERSONAL NAME
- Personal name: Henderson, Conway W
670 ## - SOURCE DATA FOUND
- Source citation: Work cat.: (NUST)184098: Henderson, Conway W., International relations :, c1998.
